Eastern Utah Libraries Catalog: Duchesne, Heber, Roosevelt, & Vernal

The great Egyptian grave robbery (Record no. 66728)

MARC details
000 -LEADER
fixed length control field 01744cam a2200433 a 4500
001 - CONTROL NUMBER
control field BK0007973367
003 - CONTROL NUMBER IDENTIFIER
control field DLC
005 - DATE AND TIME OF LATEST TRANSACTION
control field 20241220124443.0
008 - FIXED-LENGTH DATA ELEMENTS--GENERAL INFORMATION
fixed length control field 080716s2009 nyua b 000 1 eng
010 ## - LIBRARY OF CONGRESS CONTROL NUMBER
LC control number 2008024127
020 ## - INTERNATIONAL STANDARD BOOK NUMBER
International Standard Book Number 9780061429927 : PAP
Terms of availability $4.99
020 ## - INTERNATIONAL STANDARD BOOK NUMBER
International Standard Book Number 0061429929 : PAP
Terms of availability $4.99
037 ## - SOURCE OF ACQUISITION
Source of stock number/acquisition Harpercollins Childrens Books, Keystone Industrial Park, Scranton, PA, USA, 18512
Note SAN 200-2086
040 ## - CATALOGING SOURCE
Original cataloging agency DLC
Transcribing agency DLC
Modifying agency DLC
Description conventions rda
050 00 - LIBRARY OF CONGRESS CALL NUMBER
Classification number PZ7.P3856
Item number Gre 2009
082 00 - DEWEY DECIMAL CLASSIFICATION NUMBER
Classification number [Fic]
Edition number 22
092 ## - LOCALLY ASSIGNED DEWEY CALL NUMBER (OCLC)
Classification number FIC
092 ## - LOCALLY ASSIGNED DEWEY CALL NUMBER (OCLC)
Classification number PENNYPACKER
100 1# - MAIN ENTRY--PERSONAL NAME
Personal name Pennypacker, Sara,
Dates associated with a name 1951-
9 (RLIN) 40048
Relator term author
245 14 - TITLE STATEMENT
Title The great Egyptian grave robbery
Statement of responsibility, etc created by Jeff Brown ; written by Sara Pennypacker ; pictures by Macky Pamintuan.
246 ## - VARYING FORM OF TITLE
Remainder of title Flat Stanley's Worldwide Adventures
246 ## - VARYING FORM OF TITLE
Remainder of title Flat Stanley's Worldwide Adventures Book Two
246 ## - VARYING FORM OF TITLE
Remainder of title Flat Stanley's Worldwide Adventures Book 2
250 ## - EDITION STATEMENT
Edition statement 1st ed.
260 ## - PUBLICATION, DISTRIBUTION, ETC. (IMPRINT)
Place of publication, distribution, etc New York :
Name of publisher, distributor, etc Harper,
Date of publication, distribution, etc c2009.
264 #4 - Production, Publication, Distribution, Manufacture, and Copyright Notice.
Place of production, publication, distribution, manufacture New York :
Name of producer, publisher, distributor, manufacturer Harper,
Date of production, publication, distribution, manufacture, or copyr c2009.
300 ## - PHYSICAL DESCRIPTION
Extent 80 p. :
Other physical details ill. ;
Dimensions 21 cm.
336 ## - Content Type
Content type term text
337 ## - Media type
Media type term unmediated
338 ## - Carrier type
Carrier type term volume
440 ## - SERIES STATEMENT/ADDED ENTRY--TITLE
Title Flat Stanley's Worldwide Adventures :
Volume number/sequential designation Book 2
520 ## - SUMMARY, ETC.
Summary, etc Asked to travel to Egypt to help with an urgent archaeological expedition, Flat Stanley suspects that he might be helping grave robbers and must rely on his quick thinking, unique flatness, and new friends to make things right.
650 #1 - SUBJECT ADDED ENTRY--TOPICAL TERM
Topical term or geographic name as entry element Grave robbing
Form subdivision Fiction.
9 (RLIN) 5736183
650 #1 - SUBJECT ADDED ENTRY--TOPICAL TERM
Topical term or geographic name as entry element Pyramids
Geographic subdivision Egypt
Form subdivision Fiction.
9 (RLIN) 5775652
651 #1 - SUBJECT ADDED ENTRY--GEOGRAPHIC NAME
Geographic name Egypt
Form subdivision Fiction.
9 (RLIN) 5687215
700 1# - ADDED ENTRY--PERSONAL NAME
Personal name Brown, Jeff,
Dates associated with a name 1926-2003.
9 (RLIN) 18065
700 1# - ADDED ENTRY--PERSONAL NAME
Personal name Pamintuan, Macky,
Relator term ill.
9 (RLIN) 54550
942 ## - ADDED ENTRY ELEMENTS (KOHA)
Koha item type BOOK
Source of classification or shelving scheme Dewey Decimal Classification
Holdings
Withdrawn status Lost status Source of classification or shelving scheme Damaged status Not for loan Collection code Home library Current library Shelving location Date acquired Cost, normal purchase price Total Checkouts Total Renewals Full call number Barcode Date last seen Date checked out Cost, replacement price Price effective from Koha item type
    Dewey Decimal Classification     Junior Fiction Wasatch County Library Wasatch County Library Main Floor Junior Area 03/18/2013 15.99 51 20 J Brown 34301001104142 12/06/2025 12/06/2025 15.99 03/20/2020 BOOK
This project was made possible through a grant from the Institute of Museum and Library Service administered by the Utah State Library Division.

Wasatch County Library

  • 465 East 1200 South, Heber City, Utah 84032
  • Phone 435-654-1511 | Fax 435-654-6456

Hours

  • Monday - Friday 9:30 AM - 8:00 PM
  • Saturday 9:30 AM - 1:30 PM
  • Closed Sundays and Holidays